|
|
|
|
| LEADER |
00000nab a2200000 a 4500 |
| 001 |
vtls008850316 |
| 003 |
SK-MaSNL |
| 005 |
20260304135803.0 |
| 008 |
250505 1976 xo | 000 0 slo |
| 015 |
|
|
|a SNBRB1977
|
| 035 |
|
|
|a (uuid)8a897b7f-f469-40b3-a217-9f2cdd702e7c
|
| 035 |
|
|
|a urn:nbn:sk:snk-abxvy
|
| 035 |
|
|
|a (urnnbn)urn:nbn:sk:snk:ar-a04tme
|
| 040 |
|
|
|a SNKBUCL
|b slo
|c SNKBUCL
|e AACR2
|
| 041 |
0 |
|
|a slo
|
| 044 |
|
|
|a xo
|c SK
|
| 080 |
|
|
|a 001.94
|2 2001
|
| 245 |
0 |
0 |
|a Hľadáme mimozemské civilizácie.
|b Karol Pacner " Hledáme mimozemské civilizace" , kniha
|c Karel Pacner
|
| 300 |
|
|
|b Obr.
|
| 650 |
0 |
7 |
|a mimozemské civilizácie
|2 snkbucl
|9 1368
|
| 650 |
0 |
7 |
|a monografie
|2 snkbucl
|9 256509
|
| 655 |
|
7 |
|a recenzie
|2 snkbucl
|9 21907
|
| 773 |
0 |
|
|t Kozmos
|g Roč. 7, č. 5 (1976), s. 159-160.
|
| 787 |
0 |
8 |
|i Rec.:
|a Pacner, Karel
|t Hledáme mimozemské civilizace
|
| 850 |
|
|
|a Slovenská národná knižnica
|
| 852 |
|
|
|a Slovenská národná knižnica
|
| 954 |
|
|
|a odborná, vedecká literatúra pôvodná (slovenská)
|2 lita
|
| 958 |
|
|
|a article27
|
| 958 |
|
|
|a RC
|
| 958 |
|
|
|a OND
|
| 958 |
|
|
|a EUIPO
|
| 999 |
|
|
|c 2912213
|d 2914143
|